000
00300nam a22001337a 4500
008
180928b xxu||||| |||| 00| 0 eng d
020
_a
9780673980137
041
_a
eng
080
_2
6th
_a
330
100
_a
52
101
_a
EKO
245
_a
Modern labor Economics
_c
Ehrenberg,R.G
942
_2
udc
_c
BK
999
_c
48685
_d
48685